<?xml version="1.0" encoding="UTF-8"?><?xml-stylesheet type="text/xsl" href="static/style.xsl"?><OAI-PMH xmlns="http://www.openarchives.org/OAI/2.0/" xmlns:xsi="http://www.w3.org/2001/XMLSchema-instance" xsi:schemaLocation="http://www.openarchives.org/OAI/2.0/ http://www.openarchives.org/OAI/2.0/OAI-PMH.xsd"><responseDate>2026-06-01T14:54:32Z</responseDate><request verb="GetRecord" identifier="oai:riuma.uma.es:10630/35213" metadataPrefix="marc">https://riuma.uma.es/rest/oai/request</request><GetRecord><record><header><identifier>oai:riuma.uma.es:10630/35213</identifier><datestamp>2026-02-03T12:11:23Z</datestamp><setSpec>com_10630_2254</setSpec><setSpec>col_10630_37959</setSpec></header><metadata><record xmlns="http://www.loc.gov/MARC21/slim" xmlns:dcterms="http://purl.org/dc/terms/" xmlns:doc="http://www.lyncode.com/xoai" xmlns:xsi="http://www.w3.org/2001/XMLSchema-instance" xsi:schemaLocation="http://www.loc.gov/MARC21/slim http://www.loc.gov/standards/marcxml/schema/MARC21slim.xsd">
   <leader>00925njm 22002777a 4500</leader>
   <datafield ind2=" " ind1=" " tag="042">
      <subfield code="a">dc</subfield>
   </datafield>
   <datafield ind2=" " ind1=" " tag="720">
      <subfield code="a">Aguilar-Segado, Carlos David</subfield>
      <subfield code="e">author</subfield>
   </datafield>
   <datafield ind2=" " ind1=" " tag="720">
      <subfield code="a">Hinojosa-Torralvo, Juan José</subfield>
      <subfield code="e">author</subfield>
   </datafield>
   <datafield ind2=" " ind1=" " tag="260">
      <subfield code="c">2024</subfield>
   </datafield>
   <datafield ind2=" " ind1=" " tag="520">
      <subfield code="a">Introducción: En las asignaturas de Derecho Financiero y Tributario de la Universidad de Málaga hemos experimentado el uso del cine, de la “Wiki” y de las “autoprácticas”. Objetivos: El empleo de herramientas de innovación docente en la docencia del Derecho Financiero y Tributario. Método: La metodología empleada para la realización de estas experiencias han sido: En primer lugar, en el cine, se han visualizado los documentales “Cóbrame si puedes” (Tax me if you can) y “Hechos probados” y, posteriormente, hemos realizado un debate abierto en clase sobre los documentales y habilitado un cuestionario a través de la herramienta “Tareas” en el Campus Virtual (plataforma “Moodle”). En segundo lugar, en la “Wiki”, para explicar el tema denominado: “Los principios constitucionales financieros”: Se explica la lección teórica. Se agrupa el alumnado para escoger un principio. Se debe cumplimentar el documento colaborativo mediante un contenido teórico (constitucional, financiero y doctrinal) y analizar algunas sentencias recientes e importantes del Tribunal Constitucional. Se debe realizar una exposición breve en clase del principio trabajado, y pueden utilizar diapositivas para su presentación. En tercer lugar, se ha continuado con las “autoprácticas” del Impuesto sobre la Renta de las Personas Físicas (IRPF) y del Impuesto sobre el Valor Añadido (IVA): Se explica la lección teórico-práctica. Se establecen unos requisitos mínimos para que el alumnado pueda elaborar su supuesto de hecho. Se debe elaborar individualmente el supuesto de hecho y realizar su resolución, para posteriormente subirlo al Campus Virtual (plataforma “Moodle”) a través de la herramienta “Tareas”. Se debe realizar una exposición oral de sus casos prácticos y posteriormente responder a una serie de preguntas realizadas por el profesorado. Resultados: Altamente satisfactorios en los tres casos. Conclusión: Se debe continuar con estas herramientas de innovación docente en los próximos cursos académicos.</subfield>
   </datafield>
   <datafield ind1="8" ind2=" " tag="024">
      <subfield code="a">https://hdl.handle.net/10630/35213</subfield>
   </datafield>
   <datafield tag="653" ind2=" " ind1=" ">
      <subfield code="a">Derecho financiero - Estudio y enseñanza superior</subfield>
   </datafield>
   <datafield tag="653" ind2=" " ind1=" ">
      <subfield code="a">Derecho fiscal - Estudio y enseñanza superior</subfield>
   </datafield>
   <datafield tag="653" ind2=" " ind1=" ">
      <subfield code="a">Investigación activa en educación</subfield>
   </datafield>
   <datafield ind2="0" ind1="0" tag="245">
      <subfield code="a">Una revisión del uso del cine, la "wiki" y las "autoprácticas" en las asignaturas de Derecho Financiero y Tributario.</subfield>
   </datafield>
</record>
</metadata></record></GetRecord></OAI-PMH>